| 000 | 01081nam a2200325 i 4500 | ||
|---|---|---|---|
| 003 | EG-GICUC | ||
| 005 | 20260320211903.0 | ||
| 008 | 260320s1954 fr ||||fr|||| 00| 0 fre d | ||
| 040 |
_aEG-GiCUC _bfre _cEG-GiCUC _dEG-GiCUC _eRda |
||
| 041 | _afre | ||
| 082 | 0 | 4 |
_221 _a341.6 _bGU.R |
| 092 | 0 | 4 | _221 |
| 099 | _aLaw1 11 341.6 GU.R 1954 | ||
| 100 | 1 |
_aGuillon , André _eAuteur |
|
| 245 |
_aLa Réparation Des Dommages De La Guerre Clandestine / _cAndré Guillon . |
||
| 264 |
_aParis : _bLibrairie Générale De Droit Et De Jurisprudence , _c1954. |
||
| 300 |
_a189 page ; _c 24 cm. |
||
| 336 |
_2rda contenu _a texte |
||
| 337 |
_2rda medias _aOrdinateur |
||
| 338 |
_2 transporteur rda _a Ressource en ligne |
||
| 490 |
_aCollection D'études Sur Le Droit Des Assurances _vVol.36 |
||
| 546 | _aTexte en français | ||
| 650 | 1 | _aDroit de la guerre | |
| 650 | 1 | _aDroit international humanitaire | |
| 651 | 1 | _2qrmak | |
| 700 | 1 |
_aMAURICE PICARD _ePréfacier |
|
| 856 | 4 | 0 | _uhttps://fll.law.cu.edu.eg/fulltext/bks/B11-08654.pdf |
| 905 | _a60 | ||
| 942 |
_2ddc _cBK _e21 _n0 |
||
| 999 |
_c66468 _d66468 |
||